| 000 | 00908cam a2200241u 4500 | ||
|---|---|---|---|
| 001 | 7845967 | ||
| 005 | 20080606161319.0 | ||
| 008 | 821210s1940 enkc |r 000 0aeng d | ||
| 010 | _a 40007191 | ||
| 040 |
_aDLC _cCarP _dDLC |
||
| 050 | 0 | 0 |
_aJC177 _b.A5 1940 |
| 082 |
_222 _a211.5 _bPAS |
||
| 100 | 1 |
_aPaine, Thomas, _d1737-1809. _910822 |
|
| 245 | 1 | 4 |
_aThe Living Thoughts of Tom Paine/ _cPresented by John Dos Passos |
| 260 |
_aLondon: _bCassell and company, 1940 _c1940 |
||
| 300 |
_a 178 p.: _bfront. (port.); _c19 cm. |
||
| 500 | _aDonmated by: ALaa Abdel Ghany | ||
| 600 |
_910820 _aPaine, Thomas _d1737-1809. _t Age of reason. |
||
| 650 | 0 |
_aRationalism _910821 |
|
| 700 | 2 |
_aDos Passos, John, _d1896-1970, _eed. _910823 |
|
| 942 |
_2ddc _cBB |
||
| 999 |
_c13244 _d13244 |
||